000 01065nam a2200229Ia 4500
003 Ost
005 20260507075413.0
008 260507s9999||||xx |||||||||||||| ||und||
020 _a48633299579
040 _cfsecg
041 _aara
082 _a330
100 _aكافي، مصطفى يوسف
_eمؤلف
245 0 _aإدارة الصراع والأزمات التنظيمية /
_c مصطفى يوسف كافي
260 _aعمان:
_bدار الحامد للنشر والتوزيع,
_c2015
300 _a217 صفحة؛
_bإيضاحات ؛
_c25 سم
504 _aمراجع ص.211
520 _aمفهوم الصراع وطبيعته، أسباب الصراع وجذوره، الصراع التنظيمي، ضغوط العمل والإجهاد الإداري، إدارة التغيير، الانماط القيادية، الروح المعنومية ، متطلبات إدارة الازمات، إدارة الازمات التنظيمية
653 _aإدارة -الأزمات
653 _aالإدارة العامة
942 _cكتاب
999 _c44430
_d44430